00182nam a22000857a 4500082001400000100001800014245002900032260002600061300000900087 a925 CUR'M aCURIE, MADAME aA BIOGRAPHY BY EVE CURIE aNEWYORKbPOCKETc1958 a419P